[Event "TUR-ch U13-U18"]
[Site "Antalya"]
[Date "2020.01.23"]
[Round "8"]
[White "Altin, Emre"]
[Black "Tektas, Onur Efe"]
[Result "1/2-1/2"]
[WhiteElo "1291"]
[BlackElo "1336"]
[PlyCount "221"]
[EventDate "2020.01.19"]
[EventType "swiss"]
[EventRounds "11"]
[EventCountry "TUR"]
[SourceTitle "CBM 195 Extra"]
[Source "ChessBase"]
[SourceDate "2020.05.31"]
[SourceVersion "1"]
[SourceVersionDate "2020.05.31"]
[SourceQuality "1"]

1. e4 c5 2. d4 cxd4 3. c3 dxc3 4. Nxc3 Nc6 5. Bc4 e6 6. Nf3 a6 7. 0-0 Qc7 8. Qe2 Ne5 9. Nxe5 Qxe5 10. f4 Bc5+ 11. Be3 Bxe3+ 12. Qxe3 Qb8 13. f5 Qa7 14. Rae1 b5 15. Qxa7 Rxa7 16. Bxb5 axb5 17. Nxb5 Ra6 18. Nc7+ Ke7 19. Nxa6 Bxa6 20. Rf3 Nf6 21. e5 Nd5 22. fxe6 fxe6 23. a3 g5 24. Rg3 h6 25. h4 Nf4 26. Rge3 Bb7 27. Rg3 Ba6 28. Rge3 Rg8 29. h5 g4 30. Rb3 g3 31. Rbe3 Bb7 32. Re4 Bxe4 33. Rxe4 Nxh5 34. b4 Ra8 35. Re3 d5 36. exd6+ Kxd6 37. Rc3 e5 38. Kf1 Kd5 39. Ke2 Kd4 40. Rd3+ Ke4 41. Re3+ Kf4 42. b5 Kg4 43. b6 Nf4+ 44. Kf1 Nd5 45. Rb3 Nxb6 46. Rxb6 Rxa3 47. Rxh6 Kf4 48. Rf6+ Ke4 49. Rg6 Kd4 50. Ke2 e4 51. Rd6+ Ke5 52. Rd8 Ra2+ 53. Rd2 Ra8 54. Ke3 Ra3+ 55. Ke2 Kf4 56. Rd8 Ra2+ 57. Rd2 Ra1 58. Rd8 Ra2+ 59. Rd2 Ra7 60. Rd8 Rf7 61. Re8 e3 62. Rxe3 Ra7 63. Rf3+ Kg4 64. Rd3 Re7+ 65. Re3 Rf7 66. Re4+ Kg5 67. Re5+ Kf4 68. Re3 Rh7 69. Kd3 Rh2 70. Re4+ Kf5 71. Re2 Rh6 72. Ke3 Kg4 73. Kd3 Rd6+ 74. Ke3 Rd7 75. Re1 Re7+ 76. Kd2 Rf7 77. Re2 Rf4 78. Kd3 Kf5 79. Kd2 Rf1 80. Kd3 Kf4 81. Re4+ Kf5 82. Re3 Ra1 83. Rf3+ Kg4 84. Rf8 Ra3+ 85. Ke2 Ra2+ 86. Kf1 Ra1+ 87. Ke2 Rg1 88. Rg8+ Kf4 89. Rf8+ Ke5 90. Rg8 Rxg2+ 91. Kf3 Ra2 92. Kxg3 Ra3+ 93. Kf2 Ra6 94. Re8+ Kf6 95. Rh8 Ra3 96. Rf8+ Ke7 97. Rf3 Ra2+ 98. Ke3 Ke6 99. Kf4 Ra4+ 100. Kg3 Re4 101. Kf2 Kd5 102. Rd3+ Kc4 103. Rf3 Kd4 104. Kg3 Re8 105. Rf4+ Ke3 106. Rg4 Rf8 107. Ra4 Rg8+ 108. Kh4 Rh8+ 109. Kg3 Kd3 110. Rh4 Rxh4 111. Kxh4 1/2-1/2